Principios de economía (Registro nro. 4018)

Detalles MARC
000 -LEADER
fixed length control field 00900 a2200241 4500
001 - CONTROL NUMBER
control field 45836
005 - DATE AND TIME OF LATEST TRANSACTION
control field 20260407155730.0
008 - FIXED-LENGTH DATA ELEMENTS--GENERAL INFORMATION
fixed length control field 260407a1951 arg spa d
003 - CONTROL NUMBER IDENTIFIER
control field AR-UNSa-BCEJYS
040 ## - CATALOGING SOURCE
Original cataloging agency AR-UNSa-BCEJYS
Language of cataloging spa
Transcribing agency AR-UNSa-BCEJYS
080 ## - UNIVERSAL DECIMAL CLASSIFICATION NUMBER
Universal Decimal Classification number 330
Common auxiliary subdivision Economía en general
041 ## - LANGUAGE CODE
Language code of text/sound track or separate title spa
100 1# - MAIN ENTRY--PERSONAL NAME
Personal name Pozzo, Adolfo A.
245 10 - TITLE STATEMENT
Title Principios de economía
250 ## - EDITION STATEMENT
Edition statement 2a. ed.
264 #1 - PRODUCTION, PUBLICATION, DISTRIBUTION, MANUFACTURE, AND COPYRIGHT NOTICE
Place of production, publication, distribution, manufacture Buenos Aires :
Name of producer, publisher, distributor, manufacturer Espasa-Calpe Argentina
Date of production, publication, distribution, manufacture, or copyright notice 1951
300 ## - PHYSICAL DESCRIPTION
Extent 2 v. (490 ; 520 p.)
Dimensions 22 cm.
505 ## - FORMATTED CONTENTS NOTE
Formatted contents note Vol. I. : 1. La organización de la producción – 2. Valor y cambio – 3. Bancos y monedas – 4. El comercio internacional - - Vol. II.: 5. La distribución de la riqueza – 6. El trabajo – 7. Organización económica – 8. Los impuestos.
590 ## - LOCAL NOTE (RLIN)
Local note niveau_biblio:m niveau_hierar:0
700 1# - ADDED ENTRY--PERSONAL NAME
Personal name Taussig, Frank William
700 1# - ADDED ENTRY--PERSONAL NAME
Personal name Close, Alberto M.
942 ## - ADDED ENTRY ELEMENTS (KOHA)
Koha item type
Existencias
Withdrawn status Lost status Damaged status Not for loan Home library Current library Shelving location Date acquired Total checkouts Full call number Barcode Date last seen Price effective from Koha item type
        Biblioteca Prof. Eusebio Cleto del Rey Biblioteca Prof. Eusebio Cleto del Rey   07/04/2026   330 T228 v.1 2ed. L20339 07/04/2026 07/04/2026 Libro
        Biblioteca Prof. Eusebio Cleto del Rey Biblioteca Prof. Eusebio Cleto del Rey   07/04/2026   330 T228 v.1 2ed. L20341 07/04/2026 07/04/2026 Libro
        Biblioteca Prof. Eusebio Cleto del Rey Biblioteca Prof. Eusebio Cleto del Rey   07/04/2026   330 T228 v.2 2ed. L20342 07/04/2026 07/04/2026 Libro
        Biblioteca Prof. Eusebio Cleto del Rey Biblioteca Prof. Eusebio Cleto del Rey   07/04/2026   330 T228 v.2 2ed. L20340 07/04/2026 07/04/2026 Libro